00638nam a2200181Ia 4500003000400000005001700004008004000021020001800061040000700079041001200086082001600098100013400114245008900248260004600337300000800383650003700391650002800428OSt20250225114440.0210210b2001 xxu||||| |||| 00| 0 eng d a81 7302 460 X cAL aKannada aK894.9 NAYV aNAYAKA (Ha Ma) and PRADHAN GURUDATTA, Ed.dಹಾ ಮ ನಾಯಕ ಮತ್ತು ಗುರುದತ್ತ ಪ್ರಧಾನ್ aVinayaka Krashna Gokaka.bವಿನಾಯಕ ಕೃಷ್ಣ ಗೋಕಾಕ  aBengalurubNavakarnataka Prakashanac2001 a136 aKendra Sahitya Akademi Prashasti aVinayaka Krishna Gokaka